000 00371 a2200121 4500
001 ART_12559
005 20260410161907.0
008 260409a
245 1 0 _aBritish Producer Cooperatives in the Footwear Industry
100 1 _aJones, Derek
700 1 _aBackus, David K.
773 0 _tThe Economic Journal
_g- Vol. 97, NÂș 347 (set. 1977)
_wREV12512
999 _c26454
_d26454